000 00764nam a2200289Ia 4500
005 20260324122937.0
008 008 260324s9999 xx 000 0 eng d
020 _a9780203136133
037 _aEBOOK
040 _aCRL
040 _beng
040 _cCRL
041 _2eng
041 _aeng
084 _qCRL
100 _aMark Sebba; Shahrzad Mahootian; Carla Jonsson; Marilyn Martin-Jones
_91168425
245 0 _aLanguage Mixing and Code-Switching in Writing
245 0 _bApproaches to Mixed-Language Written Discourse
260 _bTaylor and Francis
260 _c2012
365 _a
365 _b240
856 _uhttp://www.taylorfrancis.com/books/9780203136133
942 _cEBOOK
999 _c1761519
_d1761519